| 000 | 00651nam a2200217 a 4500 | ||
|---|---|---|---|
| 001 | BRCA_8403 | ||
| 005 | 20190320210250.0 | ||
| 008 | 050315s2011----u--a######---#000-0#eng-# | ||
| 020 | _a9781606060803 | ||
| 041 | _aeng | ||
| 044 | _au | ||
| 050 | 4 |
_aTS1309 _b.P45 2011 |
|
| 100 | 1 |
_aPhipps, Elena _921036 |
|
| 245 | 1 | 0 |
_aLooking at Textiles _ba Guide to Technical Terms _cElena Phipps. |
| 260 |
_aLos Angeles, California _bJ. Paul Getty Museum _c2011 |
||
| 300 |
_av, 94 p. _bil. (algunas a color) _c23 cm. |
||
| 500 | _aIncluye índice alfabético | ||
| 504 | _aBibliografía : p. 88-89 | ||
| 650 | 1 | 4 |
_aTelas _vTerminología _921037 |
| 942 |
_2lcc _cB |
||
| 999 |
_c8071 _d8071 |
||